| 000 | 01525 a2200229 4500 | ||
|---|---|---|---|
| 001 | 28042 | ||
| 005 | 20260407155552.0 | ||
| 008 | 260407a2000 arg spa d | ||
| 003 | AR-UNSa-BCEJYS | ||
| 040 |
_aAR-UNSa-BCEJYS _bspa _cAR-UNSa-BCEJYS |
||
| 080 |
_a347.43 _xExtinción de las obligaciones (pago, remisión, novación, rendición de cuentas) |
||
| 245 | 1 | 0 |
_aEl pago por consignación y la mora del acreedor _pdoctrina y jurisprudencia |
| 020 | _a950-14-1775-1 | ||
| 250 | _a2a. ed. | ||
| 264 | 1 |
_aBuenos Aires : _bEdiciones Depalma _c2000 |
|
| 300 |
_axxvi, 380 p. _c23 cm. |
||
| 505 | _a1. Introducción - 2. Los subrogados del cumplimiento: el pago por consignación - 3. Cuándo procede la consignación: los supuestos del Art. 757 - 4. Presupuestos de la consignación judicial. Elementos del pago por consignación - 5. Los requisitos - 6. Consecuencias del pago por consignación - 7. Consecuencias del pago por consignación - 8. Efectos de la consignación después de su perfeccionamiento. Gastos y costas. Influencia de la consignación sobre otros juicios - 9. Modos de realizar la consignación según la naturaleza de la obligación - 10. La mora del acreedor. Introducción. Concepto. Requisitos 11. La mora del acreedor. Efectos y extinción | ||
| 942 | _cBK | ||
| 590 | _aniveau_biblio:m niveau_hierar:0 | ||
| 100 | 1 | _aWayar, Ernesto Clemente | |
| 856 | 4 | 1 |
_uhttps://biblioeco.unsa.edu.ar/pmb/images/libros/El pago por consignacion y la mora del acreedor-l119969.jpg _yImagen de portada _qimage/jpeg |
| 999 |
_c1642 _d1642 |
||